000 00407nam a22001697a 4500
005 20160629111624.0
008 160629b xxu||||| |||| 00| 0 eng d
020 _a81-7446-034-9
041 _aeng
082 _b10987
100 _aMargerison, Charles J
_91821
245 _aThe Art of Effective Communication
260 _bExcel Books
_c1996
300 _a201
650 _aManagement
_9241
942 _cBK
999 _c4594
_d4592